<?xml version="1.0" encoding="UTF-8"?>
<record
    xmlns:xsi="http://www.w3.org/2001/XMLSchema-instance"
    xsi:schemaLocation="http://www.loc.gov/MARC21/slim http://www.loc.gov/standards/marcxml/schema/MARC21slim.xsd"
    xmlns="http://www.loc.gov/MARC21/slim">

  <leader>02925nam a2200301 a 4500</leader>
  <controlfield tag="003">CSPC</controlfield>
  <controlfield tag="005">20251006104853.0</controlfield>
  <controlfield tag="007">ta</controlfield>
  <controlfield tag="008">240424s2023    ph a     m    000 0deng d</controlfield>
  <datafield tag="090" ind1=" " ind2=" ">
    <subfield code="a">UTH BSOA M544a 2023</subfield>
  </datafield>
  <datafield tag="100" ind1="1" ind2=" ">
    <subfield code="a">Merilles, Maria Lora Cheena A.</subfield>
  </datafield>
  <datafield tag="245" ind1="1" ind2="0">
    <subfield code="a">Assessment of the student internship program of the Bachelor of Science in Office Administration students in Camarines Sur Polytechnic Colleges Buhi Campus /</subfield>
    <subfield code="c"> Maria Lora Cheena A. Merilles, Nova Mae N. Ni&#xF1;ofranco, and Angela C. Oliveros. </subfield>
  </datafield>
  <datafield tag="260" ind1=" " ind2=" ">
    <subfield code="a">Buhi, Camarines Sur :</subfield>
    <subfield code="b">Camarines Sur Polytechnic Colleges,</subfield>
    <subfield code="c">2023.</subfield>
  </datafield>
  <datafield tag="300" ind1=" " ind2=" ">
    <subfield code="a">107 leaves. </subfield>
  </datafield>
  <datafield tag="336" ind1=" " ind2=" ">
    <subfield code="2">rdacontent</subfield>
    <subfield code="a">text</subfield>
  </datafield>
  <datafield tag="337" ind1=" " ind2=" ">
    <subfield code="2">rdamedia</subfield>
    <subfield code="a">unmediated</subfield>
  </datafield>
  <datafield tag="338" ind1=" " ind2=" ">
    <subfield code="2">rdacarrier</subfield>
    <subfield code="a">volume</subfield>
  </datafield>
  <datafield tag="502" ind1=" " ind2=" ">
    <subfield code="a">Undergraduate Thesis (BSOA)- Office Administration</subfield>
    <subfield code="c">Camarines Sur Polytechnic Colleges, 2023. </subfield>
  </datafield>
  <datafield tag="520" ind1="3" ind2=" ">
    <subfield code="a">Internship is a form of experiential learning that integrates theory and knowledge learned in the classroom with practical application and skill development in a professional setting. This study is about the Assessment of the Student Internship Program of the Bachelor of Science in Office Administration students in Camarines Sur Polytechnic Colleges, Buhi Campus with the subject of the perceived level of effectiveness, problems encountered by the student trainers along with verbal communication skills, written communication skills, critical thinking skills, interpersonal skills, time management skills, the advantages of the student internship program for the student's future career, and the proposed recommendations to enhance the skills of the students. Sixty (60) respondents from the Bachelor of Science in Office Administration Students in Camarines Sur Polytechnic Colleges, Buhi Campus who were systematically chosen. The descriptive method was used to attain the objectives. The instrument used in this study was a research-made survey questionnaire conducted online for data collection and was interpreted using weighted mean, 4-point Likert scale type, and rank ordering method. The result showed that the perceived level of effectiveness of the respondents in terms of verbal communication skills, written communication skills, critical thinking skills, interpersonal skills, and time management skills were all rated as sometimes encountered. Additionally, there are advantages of the student internship program for the student's future career and there are proposed recommendations to enhance the skills of the students.   </subfield>
  </datafield>
  <datafield tag="700" ind1="1" ind2=" ">
    <subfield code="a"> Ni&#xF1;ofranco, Nova Mae N., </subfield>
    <subfield code="e">author.</subfield>
  </datafield>
  <datafield tag="700" ind1="1" ind2=" ">
    <subfield code="a">Oliveros, Angela C., </subfield>
    <subfield code="e">author.</subfield>
  </datafield>
  <datafield tag="720" ind1="1" ind2=" ">
    <subfield code="a">Oliveros, Josefin N., </subfield>
    <subfield code="e">adviser.</subfield>
  </datafield>
  <datafield tag="720" ind1="1" ind2=" ">
    <subfield code="a">Escuro, Jessibel L., </subfield>
    <subfield code="e">panelist, chair. </subfield>
  </datafield>
  <datafield tag="720" ind1="1" ind2=" ">
    <subfield code="a">Villar, Mariber M., </subfield>
    <subfield code="e">panelist.</subfield>
  </datafield>
  <datafield tag="720" ind1="2" ind2=" ">
    <subfield code="a">Estrebello, Genevie A., </subfield>
    <subfield code="e">panelist. </subfield>
  </datafield>
  <datafield tag="942" ind1=" " ind2=" ">
    <subfield code="2">ddc</subfield>
    <subfield code="n">0</subfield>
    <subfield code="c">UM</subfield>
    <subfield code="h">M544a </subfield>
    <subfield code="i">BSOA </subfield>
    <subfield code="k">UTH </subfield>
    <subfield code="m">2023</subfield>
  </datafield>
  <datafield tag="952" ind1=" " ind2=" ">
    <subfield code="0">0</subfield>
    <subfield code="1">0</subfield>
    <subfield code="2">ddc</subfield>
    <subfield code="4">0</subfield>
    <subfield code="7">1</subfield>
    <subfield code="a">BUHI</subfield>
    <subfield code="b">BUHI</subfield>
    <subfield code="c">UTH</subfield>
    <subfield code="d">2024-04-24</subfield>
    <subfield code="l">0</subfield>
    <subfield code="o">UTH BSOA  M544a 2023</subfield>
    <subfield code="p">00064UM-BUH</subfield>
    <subfield code="r">2024-04-24 00:00:00</subfield>
    <subfield code="t">1-2</subfield>
    <subfield code="w">2024-04-24</subfield>
    <subfield code="y">UM</subfield>
  </datafield>
  <datafield tag="952" ind1=" " ind2=" ">
    <subfield code="0">0</subfield>
    <subfield code="1">0</subfield>
    <subfield code="2">ddc</subfield>
    <subfield code="4">0</subfield>
    <subfield code="7">1</subfield>
    <subfield code="a">BUHI</subfield>
    <subfield code="b">BUHI</subfield>
    <subfield code="c">UTH</subfield>
    <subfield code="d">2024-05-14</subfield>
    <subfield code="l">0</subfield>
    <subfield code="o">UTH BSOA M544a 2023</subfield>
    <subfield code="p">00109UM-BUH</subfield>
    <subfield code="r">2024-05-14 00:00:00</subfield>
    <subfield code="t">2-2</subfield>
    <subfield code="w">2024-05-14</subfield>
    <subfield code="y">UM</subfield>
  </datafield>
  <datafield tag="999" ind1=" " ind2=" ">
    <subfield code="c">27511</subfield>
    <subfield code="d">27511</subfield>
  </datafield>
</record>
